Systém reportingu ve společnosti FRIGERA METAL, a.s.

Charakteristika spoločnosti. Analýza systému reportingu pred vyčlenením útvaru kontrolingu. Postup pri zavádzaní kontrolingu. Princípy využívania kontrolingových materiálov. Cieľový stav.

Saved in:
Bibliographic Details
Main Author: Hrabák, Lukáš
Format: Book Chapter
Language:Czech
Subjects:
Tags: Add Tag
No Tags, Be the first to tag this record!

MARC

LEADER 00000naa$a2200000$$$4500
001 0054457
005 20230509081319.7
041 0 |a cze 
044 |a CZ 
245 1 0 |a Systém reportingu ve společnosti FRIGERA METAL, a.s.  |c Lukáš Hrabák 
520 |a Charakteristika spoločnosti. Analýza systému reportingu pred vyčlenením útvaru kontrolingu. Postup pri zavádzaní kontrolingu. Princípy využívania kontrolingových materiálov. Cieľový stav. 
610 2 0 |a reporting 
610 2 0 |a kontroling 
610 2 0 |a spoločnosti akciové 
610 2 0 |a výroba 
610 2 0 |a ciele podnikové 
100 1 |a Hrabák, Lukáš